Normal view
MARC view
Entry Personal Name
001 - CONTROL NUMBER
- control field: 52123
003 - CONTROL NUMBER IDENTIFIER
- control field: OSt
005 - DATE AND TIME OF LATEST TRANSACTION
- control field: 20250417115114.0
008 - FIXED-LENGTH DATA ELEMENTS
- fixed length control field: 250417|| aca||aabn | a|a d
040 ## - CATALOGING SOURCE
- Original cataloging agency: OSt
- Transcribing agency: OSt
100 ## - HEADING--PERSONAL NAME
- Personal name: Belloc, Marianna et al
670 ## - SOURCE DATA FOUND
- Source citation: Work cat.: (OSt)526002: Belloc, Marianna et al , Multigenerational transmission of wealth: Florence, 1403–1480
